Online
Catalog

Temas universales del teatro espanol / (Record no. 19431)

MARC details
000 -CABECERA
campo de control de longitud fija 00805cam a2200169u 4500
001 - NÚMERO DE CONTROL
campo de control 000019918
005 - FECHA Y HORA DE LA ÚLTIMA TRANSACCIÓN
campo de control 20200929170205.0
008 - DATOS DE LONGITUD FIJA--INFORMACIÓN GENERAL
campo de control de longitud fija 840817s1967 pr a 000 0 spa
040 ## - FUENTE DE LA CATALOGACIÓN
Centro catalogador/agencia de origen DO-SdBNP
Lengua de catalogación spa
Centro/agencia transcriptor BNPHU
245 00 - MENCIÓN DE TÍTULO
Título Temas universales del teatro espanol /
Mención de responsabilidad, etc. Tirso de Molina, José Zorrilla, Calderón de la Banca.
260 ## - PUBLICACIÓN, DISTRIBUCIÓN, ETC.
Lugar de publicación, distribución, etc. San Juan, de Puerto Rico :
Nombre del editor, distribuidor, etc. Editorial del Departamento de Instruccion Pública,
-- Estado Libre Asociado de Puerto Rico,
Fecha de publicación, distribución, etc. 1967.
300 ## - DESCRIPCIÓN FÍSICA
Extensión 317 p. :
Otras características físicas il. ;
Dimensiones 22 cm.
650 #0 - PUNTO DE ACCESO ADICIONAL DE MATERIA--TÉRMINO DE MATERIA
Término de materia o nombre geográfico como elemento de entrada Spanish drama.
9 (RLIN) 42479
700 1# - PUNTO DE ACCESO ADICIONAL--NOMBRE DE PERSONA
Nombre de persona Molina, Tirso de,
Fechas asociadas al nombre 1571?-1648.
Título de la obra Burlador de Sevilla y el convidado de piedra. [from old catalog]
9 (RLIN) 42480
700 1# - PUNTO DE ACCESO ADICIONAL--NOMBRE DE PERSONA
Nombre de persona Zorilla y Moral, Jose,
Fechas asociadas al nombre 1817-1893.
Título de la obra Don Juan Tenorio.
9 (RLIN) 42481
700 1# - PUNTO DE ACCESO ADICIONAL--NOMBRE DE PERSONA
Nombre de persona Calderon de la Barca, Pedro,
Fechas asociadas al nombre 1600-1681.
Título de la obra Vida es sueno.
9 (RLIN) 39560
Holdings
Estado de retiro Estado de pérdida Restricciones de uso No para préstamo Código de colección Localización permanente Ubicación/localización actual Ubicación en estantería Fecha de adquisición Número de inventario Total de préstamos Signatura topográfica completa Código de barras Fecha visto por última vez Precio válido a partir de Tipo de ítem Koha
      Excluido de préstamo Monografías: Libros y Folletos General General En catalogación 09.07.2010 LF1   19918-10 25.06.2020 25.06.2020 No se presta

Powered by Koha